Dravida chandassu; tamilu chandassina vivechane mattu 'tolkappiyam' bhaganuvada. (Record no. 105838)
[ view plain ]
| 000 -LEADER | |
|---|---|
| fixed length control field | 00872nam a2200217Ia 4500 |
| 003 - CONTROL NUMBER IDENTIFIER | |
| control field | OSt |
| 005 - DATE AND TIME OF LATEST TRANSACTION | |
| control field | 20250203102843.0 |
| 008 - FIXED-LENGTH DATA ELEMENTS--GENERAL INFORMATION | |
| fixed length control field | 210210b2002 xxu||||| |||| 00| 0 eng d |
| 020 ## - INTERNATIONAL STANDARD BOOK NUMBER | |
| International Standard Book Number | 81 86668 39 X |
| 040 ## - CATALOGING SOURCE | |
| Transcribing agency | AL |
| 041 ## - LANGUAGE CODE | |
| Language code of text/sound track or separate title | Kannada |
| 082 ## - DEWEY DECIMAL CLASSIFICATION NUMBER | |
| Classification number | 494K KUKD |
| 100 ## - MAIN ENTRY--PERSONAL NAME | |
| Personal name | KUKKILA KRASHNABHATTA. |
| Dates associated with a name | ಕುಕ್ಕಿಲ ಕೃಷ್ಣಭಟ್ಟ |
| 9 (RLIN) | 197096 |
| 245 ## - TITLE STATEMENT | |
| Title | Dravida chandassu; tamilu chandassina vivechane mattu 'tolkappiyam' bhaganuvada. |
| Remainder of title | ದ್ರಾವಿಡ ಛಂದಸ್ಸು; ತಮಿಳು ಛಂದಸ್ಸಿನ ವಿವೇಚನೆ ಮತ್ತು 'ತೋಲ್ಕಾಪ್ಪಿಯಂ' ಭಾಗನುವಾದ. |
| 260 ## - PUBLICATION, DISTRIBUTION, ETC. | |
| Place of publication, distribution, etc. | Udupi |
| Name of publisher, distributor, etc. | Rashtrakakvi Govinda Pai Samshodhana Kendra |
| Date of publication, distribution, etc. | 2002 |
| 300 ## - PHYSICAL DESCRIPTION | |
| Extent | 30,108 |
| 650 ## - SUBJECT ADDED ENTRY--TOPICAL TERM | |
| Topical term or geographic name entry element | Tolkappiyam Ganesh Ar |
| 9 (RLIN) | 197097 |
| 690 ## - LOCAL SUBJECT ADDED ENTRY--TOPICAL TERM (OCLC, RLIN) | |
| Topical term or geographic name as entry element | Dravidian Language |
| 9 (RLIN) | 197098 |
| 906 ## - LOCAL DATA ELEMENT F, LDF (RLIN) | |
| a | 058351 |
| 942 ## - ADDED ENTRY ELEMENTS (KOHA) | |
| Source of classification or shelving scheme | Dewey Decimal Classification |
| Koha item type | Book |
| Withdrawn status | Lost status | Source of classification or shelving scheme | Damaged status | Not for loan | Collection code | Home library | Current library | Date acquired | Source of acquisition | Cost, normal purchase price | Total Checkouts | Full call number | Barcode | Date last seen | Price effective from | Koha item type |
|---|---|---|---|---|---|---|---|---|---|---|---|---|---|---|---|---|
| Dewey Decimal Classification | Kannada | St Aloysius Library | St Aloysius Library | 02/17/2021 | Athree Book Centre, Mangalore-01. | 75.00 | 494K KUKD | 058351 | 02/17/2021 | 02/17/2021 | Book | |||||
| Dewey Decimal Classification | Kannada | St Aloysius Library | St Aloysius Library | 02/17/2021 | Rashtrakakvi Govinda Pai Samshodhana Kendra | 0.00 | 494K KUKD | SG04147 | 02/17/2021 | 02/17/2021 | Special Grants |